000 00661nam a22002537a 4500
999 _c442467
_d442467
001 115916
003 UA-OsUOA
005 20191008121315.0
007 ta
008 20160127b un ||||| |||| 00| 0 ukr d
020 _a0-918956-73-0
040 _aUA-OsUOA
_beng
_cUA-OsUOA
_dUA-OsUOA
041 _aeng
080 _a232
090 _a232
100 _aMcDowell J.
245 _aEvidence That Demands a Verdict
_bV. 1
260 _aSan Bernandino
_bHLP
_c1990
300 _a389 p.
650 7 _a2 Релігія. Теологія.
_2UDC
942 _cBK
_2udc
955 _a2